| 000 | 00624nam a22002177a 4500 | ||
|---|---|---|---|
| 001 | 25690 | ||
| 003 | BD-RjUL | ||
| 005 | 20211209050919.0 | ||
| 008 | 140319s1963 bg |||| |||| 001 0 eng d | ||
| 035 | _a(BD-RjUL)25760 | ||
| 040 |
_aBD-RjUL _beng _cBD-RjUL |
||
| 041 | _aeng | ||
| 082 | 0 | 4 |
_a104 _bDEA 1963 |
| 100 | 1 |
_aDev Govinda Chandra _93398 |
|
| 245 | 1 |
_aAspirations of the common man / _cGovinda Chandra Dev |
|
| 260 |
_aEast Pakistan : _b Dacca University Press, _c1963 |
||
| 300 |
_avi, 214p. ; _c21cm. |
||
| 504 | _aIncludes Index | ||
| 650 | 0 |
_a Humanism -- History -- 20th century. _978919 |
|
| 942 |
_2ddc _cBK |
||
| 999 |
_c25690 _d25690 |
||